| 000 | 00477nam a22001811a 4500 | ||
|---|---|---|---|
| 001 | 3597 | ||
| 003 | OSt | ||
| 005 | 20260204211856.0 | ||
| 008 | 041208s2001||||dr ||||||b||||||||||spa|| | ||
| 050 | _aRD 900.7293 A86l | ||
| 082 | _aRD900.7293 A86l | ||
| 100 | _aAbreu, Radamés | ||
| 245 | _aLucha por el poder (1924-2000) / Radamés Abreu | ||
| 264 | _aSanto Domingo : Taller | ||
| 300 | _a289 p | ||
| 650 | _a1.Historia Política - República DominicanaÌ | ||
| 942 |
_2ddc _cBK |
||
| 999 |
_c3597 _d3597 |
||